| 000 | 01375nam a2200325 a 4500 | ||
|---|---|---|---|
| 999 |
_c475257 _d475257 |
||
| 003 | BLK | ||
| 005 | 20250516144848.0 | ||
| 008 | 180411b bul|||||r ||||||| ||bul|| | ||
| 020 | _a9786192405045 | ||
| 040 | _aBLK | ||
| 041 |
_aBUL _cBUL |
||
| 080 |
_aФорми на предучилищно възпитание _b373.2 _z373.2 |
||
| 080 |
_aВъзпитание у дома. Семейно възпитание _b37.018.1 _z37.018.1 |
||
| 100 |
_aМюленем, Софи дьо _eпърви автор _9481531 |
||
| 139 |
_aМюленем, Софи дьо _bМ 98 |
||
| 245 | 1 | 0 |
_aУча се да помагам _cСофи дьо Мюленем ; ил. Рамона Брюно ; прев. Борис Христов. |
| 260 |
_aСофия _bПАН _c2021 |
||
| 300 |
_a20 с. _bс цв. ил. _c23 см |
||
| 380 | _aDN | ||
| 490 |
_9205918 _aЕнциклопедия за най-малките |
||
| 653 | 7 |
_9194422 _aпредучилищно възпитание |
|
| 653 | 7 |
_9196442 _aсемейно възпитание |
|
| 653 | 7 |
_9183191 _aвзаимопомощ |
|
| 653 | 0 |
_9471119 _aдетски книги |
|
| 700 |
_aБрюно, Рамона _eил. _9481533 |
||
| 700 |
_aХристов, Борис _eпрев. _9266250 |
||
| 852 |
_bД _c373.2/М 98 С |
||
| 942 |
_cKNG _n0 _s1 _044 |
||
| 944 |
_aCR _c2022-10-06 _k30551 _lБояна Костадинова |
||